000
00274nam a2200109Ia 4500
008
171211s9999 xx 000 0 und d
245
_a
Global Youth?
245
_c
Carles Feixa
260
_c
2006
650
_x
CULTURE
856
_u
http://down.ebook777.com/061/041537071X.pdf
999
_c
347880
_d
347880